[Event "Biel MTO 2013"]
[Site "Biel SUI"]
[Date "2013.07.29"]
[Round "7.10"]
[White "Cebalo,M"]
[Black "Smeets,J"]
[Result "0-1"]
[WhiteElo "2438"]
[BlackElo "2643"]

1.c4 c6 2.Nc3 d5 3.cxd5 cxd5 4.d4 Nf6 5.Bf4 Nc6 6.e3 Bg4 7.f3 Bd7 8.Bd3 e6
9.Bg3 Nh5 10.Bf2 Bd6 11.Nge2 O-O 12.O-O Nb4 13.Bb1 Rc8 14.a3 Nc6 15.b4 a6
16.Na4 Qc7 17.g4 Nf6 18.Kg2 Ne7 19.Nc5 Bb5 20.Bd3 Bc4 21.Qc2 b6 22.g5 bxc5
23.bxc5 Bxd3 24.Qxd3 Ne8 25.Rfc1 Qa7 26.cxd6 Nxd6 27.Bg3 Nc4 28.e4 Rc6 29.Rab1 Rfc8
30.Rb3 Na5 31.Rxc6 Nexc6 32.Rc3 Nc4 33.Rb3 N6a5 34.Rb4 Qd7 35.h4 Nc6 36.Rb3 Rd8
37.Bf2 Ne7 38.Bg3 Qc6 39.Kh3 Rf8 40.Rb1 Re8 41.Nf4 Qc8 42.Kh2 Nxa3 43.Rb2 Nb5
44.Rc2 Qd7 45.exd5 Nxd5 46.Nxd5 Qxd5 47.Be5 Rd8 48.Kg3 f6  0-1

[Event "Charleroi Open 2013"]
[Site "Charleroi BEL"]
[Date "2013.07.29"]
[Round "4.17"]
[White "Barbier,Wim"]
[Black "Halfaoui,E"]
[Result "1-0"]
[WhiteElo "2115"]
[BlackElo "1885"]

1.c4 c6 2.g3 d5 3.Nf3 Nf6 4.Bg2 e6 5.O-O Be7 6.b3 O-O 7.Bb2 b6 8.d3 Bb7 9.Qc2 c5
10.e3 Nc6 11.a3 Rc8 12.cxd5 exd5 13.Nbd2 Re8 14.Rac1 Bd6 15.Qb1 Ne5 16.Nxe5 Bxe5
17.d4 Bd6 18.dxc5 bxc5 19.Qa1 Be7 20.Nf3 Qb6 21.b4 cxb4 22.Bd4 Qa5 23.axb4 Qxa1
24.Rxa1 a6 25.Rfb1 Ne4 26.b5 axb5 27.Rxb5 Ba8 28.Bh3 Rb8 29.Rba5 Bb4 30.Ra7 Bc5
31.Bxc5 Nxc5 32.Rc7 Ne4 33.Bd7 Rf8 34.Ne5 Nf6 35.f3 Ne8 36.Rca7 Nd6 37.Bc6 Bxc6
38.Nxc6 Rbe8 39.Ne7+ Kh8 40.Nxd5 h6 41.Kf2 Kh7 42.Rd7 Rd8 43.Rxd8 Rxd8 44.Rd1 Nb7
45.e4 Rc8 46.Rd2 Nc5 47.Ne3 Ra8 48.Nc4 Nb3 49.Rd3 Ra2+ 50.Ke3 Nc1 51.Rd2 Ra4
52.Rc2 Na2 53.Nd6 Ra3+ 54.Kf2 Nb4 55.Re2 Nd3+ 56.Kg2 Kg8 57.h4 Ne5 58.f4 Ng4
59.e5 Rd3 60.Ra2 h5 61.Ra8+ Kh7 62.Nxf7 Rd2+ 63.Kf3 Rd3+ 64.Ke4 Nf2+ 65.Kf5 g6+
66.Ke6 Rxg3 67.Ng5+ Kg7 68.Ra7+ Kg8 69.Nh7 Ne4 70.Ng5 Nxg5+ 71.fxg5 Rf3 72.Ra8+ Kg7
73.Ra6 Rf4 74.Kd7 Rxh4 75.e6 Rd4+ 76.Rd6 Ra4 77.e7 Ra7+ 78.Ke6 Ra8 79.Rd8 Ra6+  1-0

[Event "12th World U16 Ol"]
[Site "Chongqing CHN"]
[Date "2013.07.29"]
[Round "10"]
[White "Ghosh,D"]
[Black "Lorparizangeneh,S"]
[Result "1-0"]
[WhiteElo "2473"]
[BlackElo "2234"]

1.c4 c6 2.Nf3 d5 3.e3 Nf6 4.Nc3 e6 5.Qc2 a6 6.d4 c5 7.dxc5 Bxc5 8.b3 Nc6
9.Be2 d4 10.exd4 Nxd4 11.Nxd4 Bxd4 12.O-O O-O 13.Bb2 e5 14.Rad1 Qe7 15.Bf3 Be6
16.Ne4 Nxe4 17.Bxe4 Bxb2 18.Qxb2 f6 19.Rd2 Rad8 20.Rfd1 b5 21.cxb5 axb5 22.h3 b4
23.Qc2 g6 24.Bd5 Bxd5 25.Rxd5 Kh8 26.Rxd8 Rxd8 27.Rxd8+ Qxd8 28.Qc5 Qb8 29.a4 bxa3
30.Qxa3 Kg8 31.b4 Qb5 32.Qa5 Qc4 33.Qb6 e4 34.Kh2 Qc8 35.b5 Qf5 36.Qb8+ Kf7
37.b6 Qxf2 38.Qc7+  1-0

[Event "Politiken Cup 2013"]
[Site "Helsingor DEN"]
[Date "2013.07.29"]
[Round "4.69"]
[White "Fjellengen,B"]
[Black "Christiansen,JJ"]
[Result "0-1"]
[WhiteElo "1869"]
[BlackElo "2121"]

1.c4 c6 2.Nc3 d5 3.cxd5 cxd5 4.d4 Nf6 5.g3 Nc6 6.Bg2 e6 7.e3 Be7 8.Nge2 a6
9.O-O b5 10.a3 Na5 11.b3 Bb7 12.Bb2 Rc8 13.Nf4 O-O 14.Nd3 Qb6 15.Na2 Nc4
16.bxc4 bxc4 17.Ndb4 a5 18.Bc3 axb4 19.Bxb4 Bxb4 20.Nxb4 Qa5 21.Qc2 g6 22.Rfb1 Bc6
23.Nxc6 Rxc6 24.Rb4 Rb6 25.Rxb6 Qxb6 26.Rb1 Qa7 27.Qb2 Kg7 28.e4 dxe4 29.Bf1 Rc8
30.Rc1 Qa4 31.Qb7 Rc6 32.Qb4 Ra6 33.Rxc4 Qxa3 34.Qe1 Rb6 35.h3 h5 36.Kh2 Rb2
37.Kg1 Qa2 38.Rb4 Qa5  0-1

[Event "9th Tabor Open 2013"]
[Site "Tabor CZE"]
[Date "2013.07.29"]
[Round "2.28"]
[White "Malcanek,J"]
[Black "Skorepa,Jakub"]
[Result "1-0"]
[WhiteElo "2069"]
[BlackElo "1755"]

1.c4 c6 2.Nf3 d5 3.Qa4 Nf6 4.cxd5 Nxd5 5.Nc3 e6 6.d4 Nd7 7.e4 N5f6 8.Bg5 Be7
9.e5 Nd5 10.Bxe7 Qxe7 11.Ne4 O-O 12.Rc1 b5 13.Qb3 Bb7 14.g3 N7b6 15.Bg2 a5
16.O-O Rfd8 17.Rfd1 a4 18.Qc2 Nc4 19.Nfd2 Nxd2 20.Rxd2 a3 21.b3 Ra6 22.Qc5 Ba8
23.Nd6 g6 24.Rd3 f5 25.Bxd5 exd5 26.Ne4 Qxc5 27.Nxc5 Ra7 28.b4 Re8 29.Rcc3 Ree7
30.Rxa3 Kf7 31.f4 h6 32.Kf2 h5 33.Kf3 Ke8 34.Kg2 Kf7 35.Kh3 Kg7 36.Kh4 Kh6
37.Re3  1-0

[Event "Helmut-Kohls-Turnier"]
[Site "Dortmund GER"]
[Date "2013.07.30"]
[Round "4.3"]
[White "Wagner,De"]
[Black "Bluebaum,M"]
[Result "1/2-1/2"]
[WhiteElo "2465"]
[BlackElo "2513"]

1.c4 c6 2.Nf3 d5 3.e3 Bf5 4.Qb3 Qc7 5.cxd5 cxd5 6.Nc3 e6 7.Nb5 Qb6 8.Qa4 Nc6
9.b3 Rc8 10.Ne5 a6 11.Nd4 Ne7 12.Nexc6 Nxc6 13.Nxf5 exf5 14.Bb2 Rg8 15.Rc1 Qb4
16.Qxb4 Bxb4 17.Bd3 g6 18.Ke2 Kd7 19.Bb1 Bd6 20.f4 Ke6 21.Kf3 Be7 22.Rce1 Nb8
23.d3 Bf6 24.Bc1 Bc3 25.Re2 Nc6 26.h3 h5 27.g4 fxg4+ 28.hxg4 hxg4+ 29.Kxg4 Rh8
30.Reh2  1/2-1/2

[Event "Politiken Cup 2013"]
[Site "Helsingor DEN"]
[Date "2013.07.30"]
[Round "5.3"]
[White "Glud,J"]
[Black "Erenburg,S"]
[Result "1/2-1/2"]
[WhiteElo "2520"]
[BlackElo "2615"]

1.c4 c6 2.Nf3 d5 3.e3 Nf6 4.Nc3 a6 5.Qc2 e6 6.b3 Bd6 7.d4 Nbd7 8.Bb2 O-O
9.Be2 e5 10.cxd5 cxd5 11.dxe5 Nxe5 12.O-O Be6 13.Rac1 Qe7 14.Nxe5 Bxe5 15.Na4 Rac8
16.Qb1 Bg4 17.Rxc8 Rxc8 18.Bxg4 Nxg4 19.h3 Bxb2 20.Qxb2 Nf6 21.Rc1 Rxc1+
22.Qxc1 h5 23.Qc8+ Kh7 24.Nc5 d4 25.Qf5+ g6 26.Qg5 b6 27.Ne4 Qxe4 28.Qxf6 dxe3
29.Qxf7+ Kh6 30.Qf8+ Kh7 31.fxe3 Qxe3+ 32.Qf2 Qe6 33.Qd4 Kg8 34.Qd8+ Kg7
35.Qc7+ Kf6 36.Qf4+ Ke7 37.Qc7+ Kf6 38.Qf4+ Kg7 39.Qc7+ Kh6 40.Qc1+ Kg7 41.Qc7+ Kh6
42.Qc1+ Kg7  1/2-1/2

[Event "Politiken Cup 2013"]
[Site "Helsingor DEN"]
[Date "2013.07.30"]
[Round "5.41"]
[White "Jorgensen,R"]
[Black "Lindgren,P"]
[Result "0-1"]
[WhiteElo "2064"]
[BlackElo "2287"]

1.c4 c6 2.g3 d5 3.Bg2 Nf6 4.Nf3 dxc4 5.O-O Nbd7 6.Na3 Nb6 7.Qc2 Be6 8.Ng5 Qd7
9.Nxe6 Qxe6 10.Re1 g6 11.b3 cxb3 12.axb3 Bg7 13.Bb2 O-O 14.e4 Ne8 15.d4 Rd8
16.d5 cxd5 17.exd5 Qd7 18.Nc4 Bxb2 19.Qxb2 Nc8 20.Ne5 Qb5 21.Ng4 h5 22.Ne5 Nf6
23.Qc2 Kg7 24.Bh3 Qxd5 25.Rad1 Qa5 26.b4 Qxb4 27.Be6 Rxd1 28.Rxd1 Qe4 29.Qxe4 Nxe4
30.Nxf7 Rxf7 31.Bxc8 Nd6 32.Be6 Rf3 33.Rc1 Kf6 34.Bd5 Rf5 35.Bg2 a5 36.Ra1 Rc5
37.f4 b6 38.Kf2 Rc2+ 39.Kf3 Nc4 40.h4 b5 41.Bh3 a4 42.Bd7 Rc3+ 43.Kf2 Nd6
44.Re1 a3 45.Re6+ Kf7 46.Re5 b4 47.Be6+ Kf8 48.f5 gxf5 49.Re3 Ne4+ 50.Kf3 Nd2+
51.Kf4 Rxe3 52.Kxe3 b3  0-1

[Event "Politiken Cup 2013"]
[Site "Helsingor DEN"]
[Date "2013.07.30"]
[Round "5.49"]
[White "Evertsson,L"]
[Black "Lundberg,R"]
[Result "1-0"]
[WhiteElo "2200"]
[BlackElo "1996"]

1.c4 c6 2.Nf3 Nf6 3.b3 d5 4.Qc2 Bg4 5.Bb2 Nbd7 6.e3 e6 7.Be2 Bd6 8.d3 Bb4+
9.Nc3 Bxf3 10.Bxf3 Ne5 11.Be2 Qc7 12.h3 Rd8 13.a3 Be7 14.d4 Ng6 15.h4 e5
16.h5 exd4 17.hxg6 dxc3 18.gxf7+ Kxf7 19.Qxc3 Rd7 20.O-O-O Rhd8 21.Rh4 dxc4
22.Bxc4+ Ke8 23.Rxd7 Qxd7 24.Qc2 b5 25.Be2 Qe6 26.Bf3 c5 27.a4 b4 28.Be2 g6
29.e4 Nh5 30.Rh1 Bf6 31.Re1 Bg5+ 32.Kb1 Bf6 33.e5 Be7 34.g3 Ng7 35.g4 Qb6
36.Rh1 Ne6 37.Bb5+ Kf8 38.Rxh7 Nd4 39.Qe4 Bg5 40.Bc4 Qc6 41.Qxc6 Nxc6 42.f4 Be7
43.f5  1-0

[Event "Politiken Cup 2013"]
[Site "Helsingor DEN"]
[Date "2013.07.30"]
[Round "5.62"]
[White "Andersen,Dani"]
[Black "Skjoldager,P"]
[Result "0-1"]
[WhiteElo "1917"]
[BlackElo "2136"]

1.c4 c6 2.d4 d5 3.Nf3 Nf6 4.Nc3 e6 5.g3 Be7 6.Bg2 O-O 7.O-O b6 8.Qc2 Nbd7
9.Rd1 Bb7 10.e4 dxc4 11.e5 Nd5 12.Ne4 Re8 13.Qxc4 Qc8 14.Bg5 Bf8 15.Rac1 c5
16.dxc5 Nxc5 17.Nxc5 Qxc5 18.a3 Qxc4 19.Rxc4 h6 20.Bd2 Rac8 21.Rdc1 Rxc4
22.Rxc4 Rd8 23.Rc1 g5 24.Nd4 Bg7 25.Nc6 Bxc6 26.Rxc6 Bxe5 27.Bxd5 Rxd5 28.Bc3 Bxc3
29.Rxc3 Rd2 30.b4 Ra2 31.Kg2 Kg7 32.g4 Kg6 33.h3 f5 34.gxf5+ exf5 35.Rd3 Kh5
36.Kg3 f4+ 37.Kg2 Kh4 38.Rf3 a5 39.bxa5 bxa5 40.Rc3 h5  0-1

[Event "VIII Vladimir Dvorkovich Open"]
[Site "Taganrog RUS"]
[Date "2013.07.30"]
[Round "9.20"]
[White "Krivochkin,Ilya"]
[Black "Rasstriguine,A"]
[Result "1-0"]
[WhiteElo "1925"]
[BlackElo "2105"]

1.c4 c6 2.Nc3 e6 3.d4 d5 4.Nf3 Nf6 5.Bg5 Nbd7 6.e3 h6 7.Bh4 Be7 8.cxd5 exd5
9.Bd3 O-O 10.O-O Re8 11.Qc2 Ne4 12.Bxe7 Qxe7 13.Nd2 Ndf6 14.Rfe1 Bd7 15.f3 Nxd2
16.Qxd2 c5 17.dxc5 Qxc5 18.Rac1 Qb6 19.Bb1 Bc6 20.b3 Rad8 21.Qd4 Rd7 22.Rcd1 Rde7
23.Qxb6 axb6 24.Kf2 b5 25.Rd4 Ra8 26.Rb4 Nd7 27.Nxb5 Nc5 28.Nc3 Ne6 29.Rd1 Ra5
30.Ne2 g6 31.Nd4 Kg7 32.Rb6 Rc5 33.b4 Rc3 34.b5 Nxd4 35.Rxd4 Be8 36.e4 Rc1
37.Bd3 dxe4 38.Bxe4 f5 39.Rxb7 Rxb7 40.Bxb7 Rc2+ 41.Ke3 Bxb5 42.a4 Bf1 43.g3 Rxh2
44.Rd2 f4+ 45.gxf4 Rh5 46.Rd5 Rxd5 47.Bxd5 Ba6 48.Bc6 Kf6 49.Bb5 Bb7 50.a5 h5
51.a6 Bc8 52.a7 Bb7 53.Bd3 h4 54.Be4 h3 55.Kf2  1-0

[Event "VIII Vladimir Dvorkovich Open"]
[Site "Taganrog RUS"]
[Date "2013.07.30"]
[Round "9.9"]
[White "Solovyev,A"]
[Black "Elizarov,D"]
[Result "0-1"]
[WhiteElo "2167"]
[BlackElo "2395"]

1.c4 c6 2.d4 d5 3.Nf3 Nf6 4.Qc2 e6 5.g3 Nbd7 6.Bg2 Be7 7.O-O O-O 8.Nbd2 b6
9.e4 Bb7 10.Rd1 Rc8 11.e5 Ne8 12.cxd5 cxd5 13.Qd3 Qc7 14.Nf1 Qc2 15.Qxc2 Rxc2
16.Ne3 Rc6 17.Bd2 Nc7 18.Rac1 Rc8 19.Ne1 Rxc1 20.Rxc1 Nb5 21.N1c2 a5 22.Bf1 Na7
23.f4 f5 24.g4 g6 25.Kg2 Nb8 26.Kf3 Ba6 27.Bxa6 Nxa6 28.Rg1 Kf7 29.h3 a4
30.Rc1 Nb5 31.a3 Nb8 32.Rb1 Nc6 33.Bc3 Nxc3 34.bxc3 Na5 35.Rxb6 Rxc3 36.Ra6 Nc4
37.Rxa4 Nxe3 38.Nxe3 Bxa3 39.Ra7+ Ke8 40.Ra8+ Kd7 41.Ra7+ Kd8 42.Ra8+ Kc7
43.gxf5 gxf5 44.Ra7+ Kb8 45.Ra6 Bc1 46.Ke2 Bxe3 47.Rxe6 Bxf4 48.Rd6 Re3+
49.Kf2 Rxh3 50.Rxd5 Be3+ 51.Kg2 Rh6 52.e6 Rxe6 53.Rxf5 h6 54.d5 Rd6 55.Kf3 Bg5
56.Ke4 Rd7 57.Re5 Kc7 58.Re6 Rh7 59.Kf5 Rf7+ 60.Kg6 Rd7 61.Re5 Rd6+ 62.Kh5 Rf6
63.Re1 Rf2 64.Rd1 Kd6 65.Rd3 Rh2+ 66.Kg6 Be7 67.Kf5 h5 68.Kf4 Rg2 69.Kf3 Rg7
70.Kf2 h4 71.Kf1 Ke5 72.Rd2 h3 73.Rh2 Rg3  0-1

[Event "Biel MTO 2013"]
[Site "Biel SUI"]
[Date "2013.07.31"]
[Round "9.4"]
[White "Grachev,B"]
[Black "Farid,F"]
[Result "1-0"]
[WhiteElo "2683"]
[BlackElo "2396"]

1.c4 c6 2.Nf3 d5 3.e3 Nf6 4.Nc3 g6 5.Be2 Bg7 6.O-O O-O 7.d4 dxc4 8.Bxc4 b5
9.Bd3 a6 10.Ne4 Nbd7 11.Nxf6+ Bxf6 12.Be4 Bb7 13.Bd2 Qb8 14.Rc1 Rc8 15.b4 a5
16.bxa5 c5 17.Bxb7 Qxb7 18.dxc5 Nxc5 19.Nd4 Bxd4 20.exd4 Ne6 21.Rxc8+ Rxc8
22.Be3 Qd5 23.Qb3 Rc4 24.Rd1 Nc7 25.h3 Qa8 26.Bd2 e6 27.Qg3 Nd5 28.Bh6 Qe8
29.a6 Ra4 30.Qd6 f6 31.Re1 Kf7 32.Rxe6 Rxa6 33.Rxf6+ Nxf6 34.Qxa6 Qe1+ 35.Kh2 Qxf2
36.Qb7+ Ke6 37.Qc6+ Kf7 38.Qc7+ Ke6 39.Qe5+ Kf7 40.Bg5 Nh5 41.Qd5+ Kg7 42.Qe5+ Kf7
43.a3 Qf5 44.Qe7+ Kg8 45.Bh6 Qc8 46.d5  1-0

[Event "Sparkassen Open A 2013"]
[Site "Dortmund GER"]
[Date "2013.07.31"]
[Round "5.17"]
[White "Giraud,Valerian"]
[Black "Boehm,Ju2"]
[Result "1/2-1/2"]
[WhiteElo "1955"]
[BlackElo "2189"]

1.c4 c6 2.Nc3 d5 3.e3 Nf6 4.Nf3 e6 5.Qc2 Nbd7 6.b3 Bd6 7.Bb2 a6 8.d4 Qe7
9.Be2 dxc4 10.bxc4 e5 11.O-O O-O 12.Rab1 Re8 13.dxe5 Nxe5 14.Rfd1  1/2-1/2

[Event "Politiken Cup 2013"]
[Site "Helsingor DEN"]
[Date "2013.07.31"]
[Round "6.63"]
[White "Rosell,S"]
[Black "Christiansen,JJ"]
[Result "1/2-1/2"]
[WhiteElo "1973"]
[BlackElo "2121"]

1.c4 c6 2.Nf3 Nf6 3.g3 d5 4.Bg2 g6 5.b3 Bg7 6.Bb2 O-O 7.O-O Qb6 8.cxd5 cxd5
9.d3 Nc6 10.Qd2 Rd8 11.Nc3 Qb4 12.Qc2 e5 13.a3 Qe7 14.Na4 Bd7 15.b4 Rac8
16.Nc5 Be8 17.Qd2 b6 18.Nb3 a6 19.Rfc1 e4 20.Ne1 Bd7 21.h3 h5 22.Rc2 Ne5
23.Rxc8 Rxc8 24.Rc1 Rxc1 25.Qxc1 Qd6 26.Qg5 Nc6 27.Qd2 exd3 28.Qxd3 Be6 29.Nf3 b5
30.Nc5 Bf5 31.Qd2 Ne4 32.Nxe4 Bxe4 33.Bxg7 Kxg7 34.Qe3 Qf6 35.Kh2 Qb2 36.Ng5 Bxg2
37.Kxg2 Qf6 38.Nf3 d4 39.Qd2  1/2-1/2

[Event "Politiken Cup 2013"]
[Site "Helsingor DEN"]
[Date "2013.07.31"]
[Round "6.115"]
[White "Marthedal,Anton Mehmet Yildiz"]
[Black "Rasmussen,M2"]
[Result "1-0"]
[WhiteElo "1644"]
[BlackElo "1920"]

1.c4 c6 2.g3 d5 3.b3 Bf5 4.Nf3 Nf6 5.Bg2 Nbd7 6.Bb2 Qc7 7.d3 e5 8.Nbd2 d4
9.O-O Bd6 10.Ne1 Qb6 11.a3 a5 12.Nc2 h5 13.Nf3 Qxb3 14.Bxd4 c5 15.Rb1 Qa4
16.Bc3 Rb8 17.Nh4 Bh7 18.Bxb7 e4 19.Rb5 O-O 20.Bxf6 Nxf6 21.Rb6 Bc7 22.Bc6 Qxc2
23.Qxc2 exd3 24.exd3 Rxb6 25.Bb5 Rd6 26.Rd1 Rfd8 27.Qe2 Bxd3 28.Qe7 Nd7 29.Nf3 Re6
30.Qxd8+ Bxd8 31.Rxd3  1-0

[Event "Politiken Cup 2013"]
[Site "Helsingor DEN"]
[Date "2013.07.31"]
[Round "6.42"]
[White "Grant,J"]
[Black "Skovgaard,I"]
[Result "1-0"]
[WhiteElo "2235"]
[BlackElo "2036"]

1.c4 c6 2.e4 d5 3.exd5 cxd5 4.d4 Nf6 5.Nc3 Nc6 6.Bg5 Ne4 7.Nxe4 dxe4 8.d5 e5
9.Bxd8 Bb4+ 10.Qd2 Bxd2+ 11.Kxd2 Nxd8 12.Re1 b6 13.Rxe4 f6 14.f4 Bf5 15.Re3 Nf7
16.fxe5 fxe5 17.Nf3 O-O 18.Be2 Rfe8 19.Rf1 g6 20.h3 h5 21.Nh4 Nd6 22.b3 Kg7
23.g4 hxg4 24.Bxg4 Bxg4 25.hxg4 e4 26.Ng2 Rh8 27.Nf4 Rh2+ 28.Re2 Rh4 29.Ne6+ Kh6
30.Rf4 Rg8 31.g5+ Kh5 32.Rxh4+ Kxh4 33.Ke3 Kg3 34.Re1 Rh8 35.Nf4 Kg4 36.Nxg6 Rh3+
37.Kd4 Kf5 38.Ne7+ Kxg5 39.Ke5 Nf7+ 40.Ke6 Nd8+ 41.Kd7 Nb7 42.Kc6 Nc5 43.d6 Rh6
44.b4 Nd3 45.Rxe4 Nxb4+ 46.Kb5 Nd3 47.Rd4 Nc5 48.Rd5+ Kf4 49.Rxc5 bxc5 50.Kxc5 Ke5
51.Nc8 Ke6 52.Kc6 Rh7 53.c5 a5 54.Nb6 Rh2 55.d7 Rh8 56.Kc7 Rh7 57.c6 Rg7
58.Kc8  1-0

[Event "9th Ribeira Valley Open 2013"]
[Site "Registro BRA"]
[Date "2013.07.31"]
[Round "4.11"]
[White "Matsuura,E"]
[Black "Massarioli,F"]
[Result "1/2-1/2"]
[WhiteElo "2501"]
[BlackElo "2028"]

1.c4 c6 2.e4 d5 3.exd5 cxd5 4.d4 Nf6 5.Nc3 e6 6.Nf3 dxc4 7.Bxc4 Nc6 8.O-O Be7
9.Re1 O-O 10.a3 a6 11.Bg5 b5 12.Ba2 b4 13.Na4 Nd5 14.Bxd5 exd5 15.Bxe7 Nxe7
16.axb4 Nc6 17.Qd2 Rb8 18.Ne5 Nxb4 19.Nc5 Rb6 20.Ra4 Nc6 21.Nxc6 Rxc6 22.Ra3 Rg6
23.Rg3 Rxg3 24.hxg3 Re8 25.Re3 h6 26.Qe2 Rxe3 27.Qxe3 Qc7 28.Qe5 Qc6 29.Nd3 Be6
30.Nf4 Kh7 31.Kh2 Qc2 32.f3 Qc6 33.g4 Qd7 34.Kg3 Qc6 35.g5 hxg5 36.Qxg5 Qc1
37.Qe5 Qc6 38.b4 Kg8 39.Nd3 Qc2 40.Nc5 Qg6+ 41.Kf2 Qc2+ 42.Qe2 Qxe2+ 43.Kxe2 Bc8
44.Kd2 Kh7 45.Kc3 Kh6 46.Kb3 Kg5 47.g3 f5 48.b5 f4 49.gxf4+ Kxf4 50.bxa6 Bxa6
51.Nxa6 Kxf3 52.Nb4 Ke4 53.Kc3 g5 54.Nd3 g4 55.Nf2+ Kf3 56.Nxg4 Kxg4 57.Kd3 Kf4
58.Kd2 Ke4 59.Kc3 Ke3 60.Kc2 Kxd4 61.Kd2 Kc4 62.Kc2 d4 63.Kd2 d3 64.Kd1 Kc3
65.Kc1 d2+ 66.Kd1 Kd3  1/2-1/2

[Event "9th Tabor Open 2013"]
[Site "Tabor CZE"]
[Date "2013.07.31"]
[Round "5.10"]
[White "Vybiral,Z"]
[Black "Petrak,R"]
[Result "1/2-1/2"]
[WhiteElo "2195"]
[BlackElo "2051"]

1.c4 c6 2.e4 d5 3.exd5 cxd5 4.cxd5 Nf6 5.Bb5+ Nbd7 6.Nc3 a6 7.Be2 Nb6 8.Nf3 Nbxd5
9.O-O e6 10.d4 Be7 11.Ne5 O-O 12.Bf3 Qd6 13.Qb3 b5 14.Nxd5 Nxd5 15.Bxd5 exd5
16.Bf4 Bb7 17.Qg3 Qe6 18.Rfe1 Bb4 19.Re3 Bd2 20.Rf3 Bxf4 21.Qxf4 Rac8 22.Rc1 Rxc1+
23.Qxc1 Rc8 24.Rc3 f6 25.Rxc8+ Qxc8 26.Qxc8+ Bxc8 27.Nc6 Kf8 28.Nb4 Bb7 29.Nd3 Ke7
30.Kf1 Kd6 31.Ke1 Bc8 32.Kd2 a5 33.a3 Bf5 34.Nc5 Kc7 35.Kc3 Bc8 36.Nb3 Kb6
37.Nc5 Kc6 38.b4 a4 39.Kd3 Kd6 40.Ke3 Bf5 41.Kf4 Bc2 42.h4 g6 43.g4 h6 44.Kg3 Bb1
45.f3 g5 46.f4 Bc2 47.f5 Bb1 48.Ne6 Bd3 49.Ng7 Ke7 50.Nh5 Be2 51.Kh3 Bf1+
52.Kg3 Be2 53.Kh3 Bf1+ 54.Kg3 Be2 55.Kh3  1/2-1/2

[Event "Helmut-Kohls-Turnier"]
[Site "Dortmund GER"]
[Date "2013.08.01"]
[Round "6.4"]
[White "Hoffmann,Micha1"]
[Black "Bluebaum,M"]
[Result "1/2-1/2"]
[WhiteElo "2462"]
[BlackElo "2513"]

1.c4 c6 2.Nf3 d5 3.e3 Bg4 4.Qb3 Qc7 5.Ne5 Be6 6.d4 Nd7 7.Nxd7 Qxd7 8.Nc3 dxc4
9.Bxc4 Bxc4 10.Qxc4 Rd8 11.O-O Nf6 12.Qb3 Qc7 13.Rd1 e6 14.h3 Be7 15.e4 O-O
16.Be3 Rd7 17.d5 exd5 18.exd5 b6 19.dxc6 Qxc6 20.Rxd7 Qxd7 21.Rd1 Qb7 22.a4 Rd8
23.Rxd8+ Bxd8 24.Qc4 h6 25.b4 Qd7 26.Bd4 Be7 27.b5 Qf5 28.Bxf6 Qxf6 29.g3 Qe5
30.Kg2  1/2-1/2

[Event "Politiken Cup 2013"]
[Site "Helsingor DEN"]
[Date "2013.08.01"]
[Round "7.68"]
[White "Kristensen,Bjarke Hautop"]
[Black "Pedersen,NicK"]
[Result "0-1"]
[WhiteElo "1921"]
[BlackElo "2180"]

1.c4 c6 2.d4 d5 3.Nf3 Nf6 4.Nc3 dxc4 5.a4 e6 6.e3 c5 7.Bxc4 Nc6 8.O-O cxd4
9.Nxd4 Bd7 10.Ndb5 Qb8 11.Qc2 a6 12.Nd4 Bd6 13.h3 O-O 14.Rd1 Rd8 15.b3 Nxd4
16.Rxd4 Bc6 17.Bb2 Bh2+ 18.Kh1 Rxd4 19.exd4 Bc7 20.Qd3 Qd8 21.Ba3 Qd7 22.Rd1 b5
23.axb5 axb5 24.Nxb5 Rxa3 25.Nxa3 Qd6 26.Qg3 Qe7 27.Qg5 Qxa3 28.Qc5 Qa8 29.Kg1 Ne4
30.Qh5 Qd8 31.Rd3 Qd6 32.Qe5 Qe7 33.Qh5 g6 34.Qe2 Qd6 35.g3 h5 36.h4 Bb7
37.Bb5 Qd5 38.Bc4 Nc3 39.Bxd5 Nxe2+ 40.Kf1 exd5  0-1

[Event "Politiken Cup 2013"]
[Site "Helsingor DEN"]
[Date "2013.08.01"]
[Round "7.103"]
[White "Ranby,H"]
[Black "Olsen,Filip Boe"]
[Result "0-1"]
[WhiteElo "1958"]
[BlackElo "1753"]

1.c4 c6 2.Nc3 d5 3.e3 Nf6 4.Nf3 e6 5.b3 Nbd7 6.Bb2 Bd6 7.Be2 O-O 8.d4 b6
9.O-O Bb7 10.Bd3 Qe7 11.Qe2 Rad8 12.Rac1 Rfe8 13.Rfd1 h6 14.e4 dxe4 15.Nxe4 Nxe4
16.Bxe4 f5 17.Bb1 c5 18.Re1 Bxf3 19.Qxf3 cxd4 20.Rcd1 Qh4 21.g3 Qg5 22.Bxd4 Bb4
23.Bc3 Bxc3 24.Qxc3 Qf6 25.Qxf6 Nxf6 26.Kg2 Kf7 27.f3 g5 28.Kf2 g4 29.f4 Ng8
30.Ke3 Ne7 31.Bc2 Nc6 32.a3 Kf6 33.b4 e5 34.fxe5+ Nxe5 35.Rxd8 Rxd8 36.c5 bxc5
37.bxc5 Rc8 38.Rd1 Rxc5 39.Bb1 Rc3+ 40.Kf2 Rxa3 41.Rd8 Rb3 42.Rf8+ Kg6 43.Rxf5 Rb2+
44.Ke3 Nc4+ 45.Kd4 Rxb1 46.Rf4 Nd2 47.Rxg4+ Kh7 48.Ke5 Nf3+ 49.Kf6 Rb6+ 50.Ke7 Nxh2
51.Rf4 Rb7+ 52.Kd6 Rg7 53.Ra4 Nf1 54.g4 Ne3 55.Ke6 Nxg4 56.Ra5 Kg6 57.Ra1 h5
58.Rf1 Kh6 59.Rf8 h4 60.Kf5 Kh5 61.Kf4 Nh6 62.Ke3 Rg5 63.Rf1 a5 64.Rh1 a4
65.Kd3 a3 66.Kc3 a2 67.Kb2 Ra5 68.Ka1 Ng4 69.Rh3 Ne5 70.Rh1 Nf3 71.Rh3 Kg4
72.Rh1 Kg3 73.Rd1 h3 74.Rc1 h2 75.Rh1 Kg2  0-1

[Event "Politiken Cup 2013"]
[Site "Helsingor DEN"]
[Date "2013.08.01"]
[Round "7.111"]
[White "Andersen,Dani"]
[Black "Bratteteig,Tore-Inge"]
[Result "1-0"]
[WhiteElo "1917"]
[BlackElo "1692"]

1.c4 c6 2.e4 d5 3.exd5 cxd5 4.d4 e6 5.Nc3 Nf6 6.Nf3 Nc6 7.c5 b6 8.b4 bxc5
9.bxc5 Qa5 10.Bd2 Qd8 11.Bd3 Be7 12.O-O O-O 13.h3 g6 14.Bf4 Nh5 15.Bh2 Bf6
16.Nb5 a6 17.Nd6 Ng7 18.Bc2 Ne8 19.Ba4 Qd7 20.Rb1 Nxd6 21.Bxd6 Re8 22.Rb6 Bb7
23.Qb3 Ra7 24.Rb1 Ba8 25.Bb8 Rxb8 26.Rxb8+ Kg7 27.Rb6 Qc7 28.Bxc6 Bxc6 29.Rb4 Bb5
30.Qe3 Qc6 31.Ne5 Bxe5 32.Qxe5+ f6 33.Qg3 Rd7 34.a4 Bxa4 35.Rb6 Qc8 36.Rxe6 Bb5
37.Qf4 Rf7 38.Qd6 Rd7 39.Re7+ Rxe7 40.Qxe7+ Kh6 41.Qxf6 Qe8  1-0

[Event "Politiken Cup 2013"]
[Site "Helsingor DEN"]
[Date "2013.08.01"]
[Round "7.17"]
[White "Andersen,Mad"]
[Black "Lindgren,P"]
[Result "1/2-1/2"]
[WhiteElo "2477"]
[BlackElo "2287"]

1.c4 c6 2.Nf3 d5 3.e3 Nf6 4.Nc3 e6 5.b3 Nbd7 6.Qc2 Bd6 7.Bb2 O-O 8.Be2 Re8
9.O-O Qe7 10.d4 b6 11.cxd5 exd5 12.Rfd1 Nf8 13.Ne5 Bb7 14.Bf3 Ng6 15.Nxg6 hxg6
16.g3 Rac8 17.a3 Ne4 18.Nxe4 dxe4 19.Bg2 c5 20.Qc4 Qf6 21.Bh3 Rc7 22.Qb5 Bc6
23.Qa6 cxd4 24.Bxd4 Be5 25.a4 Bd5 26.Qb5 Bc6 27.Qb4 Bb7 28.Bxe5 Rxe5 29.Qd4 Rd5
30.Qxf6 gxf6 31.Bf1 Rc2 32.Bc4 Rdd2 33.Rxd2 Rxd2 34.Rc1 Bd5 35.Bxd5 Rxd5
36.Rc7 Rd1+ 37.Kg2 Rb1 38.Rxa7 Rxb3 39.g4 Kg7 40.h4 Ra3 41.Ra6 Ra2 42.Kg3 Rb2
43.a5 bxa5 44.Rxa5 Rb1 45.Kg2 Rb4 46.Rd5 Rb8 47.Kg3 Rb1 48.Kg2 Rb8 49.Rd4 f5
50.gxf5 gxf5 51.Kg3 Kf6 52.Kf4 Rb2 53.Kg3 Rb8 54.Kf4 Rb2 55.Kg3  1/2-1/2

[Event "9th Ribeira Valley Open 2013"]
[Site "Registro BRA"]
[Date "2013.08.01"]
[Round "5.13"]
[White "Sega,C"]
[Black "Garkauskas,Otto Dmitry"]
[Result "0-1"]
[WhiteElo "2229"]
[BlackElo "2089"]

1.c4 c6 2.g3 d5 3.Bg2 Nf6 4.Nf3 dxc4 5.Qc2 b5 6.a4 Bb7 7.b3 cxb3 8.Qxb3 a6
9.Ba3 Nbd7 10.O-O g6 11.Ng5 e6 12.Nc3 Bxa3 13.Qxa3 Qe7 14.axb5 Qxa3 15.Rxa3 axb5
16.Rxa8+ Bxa8 17.Nxb5 cxb5 18.Bxa8 Ke7 19.Bc6 Rb8 20.Rb1 b4 21.d4 h6 22.Nf3 Rb6
23.Ba4 Nd5 24.Rb2 Nc3 25.Bxd7 Kxd7 26.Ne5+ Ke7 27.Nd3 b3 28.Nc1 Kd6 29.e3 Kc7
30.Rxb3 Ne2+  0-1

[Event "114th US Open"]
[Site "Middleton USA"]
[Date "2013.08.02"]
[Round "7"]
[White "Hungaski,R"]
[Black "Holt,C"]
[Result "1-0"]
[WhiteElo "2471"]
[BlackElo "2530"]

1.c4 c6 2.e4 d5 3.exd5 Nf6 4.Nc3 cxd5 5.cxd5 Nxd5 6.Nf3 Nc6 7.d4 e6 8.Bd3 Bb4
9.Qc2 Ba5 10.a3 h6 11.O-O O-O 12.Rd1 Bd7 13.Ne4 Rc8 14.Qe2 Qc7 15.Be3 Bb6
16.Rac1 Rfd8 17.Nc5 Be8 18.Bb1 Bxc5 19.dxc5 Nxe3 20.Qxe3 Ne7 21.b4 Nd5 22.Qe4 Nf6
23.Qe3 Kf8 24.Re1 Qd7 25.Ne5 Qd4 26.Nc4 Qxe3 27.fxe3 Ra8 28.e4 b6 29.e5 Nd5
30.Nd6 bxc5 31.Rxc5 Rab8 32.Be4 Nb6 33.Ra5 f5 34.Bf3 Nc8 35.Rd1 g5 36.Nxc8 Rbxc8
37.Rxd8 Rxd8 38.Rxa7 g4 39.Ra8 Rxa8 40.Bxa8 f4 41.Kf2 Kf7 42.Be4 Ba4 43.Bd3 Ke7
44.Be2 h5 45.h3  1-0

[Event "100th ch-GBR 2013"]
[Site "Torquay ENG"]
[Date "2013.08.02"]
[Round "5.52"]
[White "Taylor,Adam C"]
[Black "Martin,Le"]
[Result "1/2-1/2"]
[WhiteElo "2001"]
[BlackElo "2043"]

1.c4 c6 2.g3 Nf6 3.Bg2 d5 4.Nf3 g6 5.O-O Bg7 6.d4 O-O 7.Nc3 Bf5 8.cxd5 Nxd5
9.Re1 Nxc3 10.bxc3 Be4 11.Qb3 Qb6 12.Ba3 Bf6 13.Nd2 Bxg2 14.Kxg2 Re8 15.f4 Nd7
16.e4 Bg7 17.e5 c5 18.d5 f6 19.e6 Qxb3 20.axb3 Nb6 21.c4 f5 22.Rad1 Rac8
23.Nf3 Rc7 24.Rc1 a5 25.Ne5 Ra8 26.Nd3 Bd4 27.Bb2 a4 28.Bxd4 cxd4 29.Ra1 Rd8
30.c5 Nxd5 31.Rxa4 b6 32.b4 bxc5 33.bxc5 Ne3+ 34.Kf3 Rc6 35.Rc1 Ng4 36.h3 Rxe6
37.hxg4 Re3+ 38.Kf2 Rxd3 39.gxf5 gxf5 40.c6 Rc8 41.c7 Kf7 42.Rb4 Ke8 43.Rb5 e6
44.Rb8 Kd7 45.Rxc8 Kxc8 46.Rc6 Re3 47.Rd6 Re4 48.Rc6 d3 49.Rd6 Kxc7 50.Rxd3 Rb4
51.Rd1 Kc6 52.Ke3 Rb3+ 53.Kf2 Rb2+ 54.Kf3 Rh2 55.Rd8 h5 56.Rd1 h4 57.gxh4 Rxh4
58.Kg3 Rh8 59.Rd3 Kc5 60.Rd7 Rb8 61.Kf3 Rb3+ 62.Ke2 Rb4 63.Ke3 Re4+ 64.Kf3 Rd4
65.Rc7+ Kd5 66.Rc3 Rd1 67.Ra3 Rf1+ 68.Ke3 Rh1 69.Rd3+ Kc5 70.Rd8 Rh3+ 71.Ke2 Kc6
72.Rd4 Rh7 73.Ke3 Rd7 74.Ra4 Kd6 75.Ra1 Rb7 76.Rd1+ Ke7 77.Rh1 Rb3+ 78.Ke2 e5
79.fxe5 Ke6 80.Rh4 Kxe5 81.Ra4 Kf6 82.Kf2 Kg5 83.Rc4 Rh3 84.Kg2  1/2-1/2